000 00558 a2200229 4500
260 _aParis
100 _aPHILIPPON,Nathalie
700 1 _aJOIN-LAMBERT,Anne et Laure
260 _bEditions du Point Vétérinaire.
245 _aDictionnaire des médicaments vétérinaires.
300 _a975p.
650 _aOUVRAGE DE REFERENCE
650 _aMEDICAMENT
650 _aVETERINAIRE
260 _c1984
130 _lFr.
250 _a3ème éd.
690 _aMEDECINE VETERINAIRE.
020 _a2-86-326-042-1
999 _c24442
_d24442